000 00519nam a2200181Ia 4500
003 GCL
005 20240530105110.0
008 140319s9999 xx 000 0 ara d
040 _aGCL /
_cGCL
082 0 4 _a274.1
_bو م
100 1 _aولنر. ل. ولسن
245 1 0 _aمشكلتك: لها حل /
_cولنر. ل. ولسن
260 _a[S.N] :
_bدار الثقافة المسيحية ،
_c1981
300 _a152 ص
650 0 4 _aالاخلاق
700 1 _aعوض سمعان ( تعريب)
942 _2ddc
_cBK
999 _c53148
_d53148